| 000 | 00466nam a2200169 a 4500 | ||
|---|---|---|---|
| 005 | 20140310183302.0 | ||
| 008 | 050531s19uu xx 00 eng d | ||
| 020 | _a0812505018 | ||
| 050 |
_aPZ 7 _b.B964Tor 1990 |
||
| 100 | _aBurnett, Frances Hodgson | ||
| 245 |
_aThe secret garden / _cFrances Hodgson Burnett. |
||
| 260 |
_aUSA : _bTom Doherty Associates Inc., _c1990. |
||
| 300 |
_a274 p. : _c19 cm. |
||
| 650 | _aFiction | ||
| 942 |
_cBK _2lcc |
||
| 999 |
_c20998 _d20998 |
||